Information Systems Essentials (Record no. 2184)

MARC details
005 - DATE AND TIME OF LATEST TRANSACTION
control field 20250607115235.0
020 ## - INTERNATIONAL STANDARD BOOK NUMBER
International Standard Book Number 978-0-07-351152-8
082 ## - DEWEY DECIMAL CLASSIFICATION NUMBER
Classification number 658. 403 HAA
100 ## - MAIN ENTRY--PERSONAL NAME
Author name HAAG, S.
245 ## - TITLE STATEMENT
Title Information Systems Essentials
250 ## - EDITION STATEMENT
Edition statement 2nd Ed.
260 ## - PUBLICATION, DISTRIBUTION, ETC.
Place of publication, distribution, etc. New York,
Name of publisher, distributor, etc. McGraw-Hill,
Date of publication, distribution, etc. 2008.
300 ## - PHYSICAL DESCRIPTION
Extent xxxi, 490p.: ill.; figure, picture, table.
Other physical details Index.
Dimensions 28cm.
Accompanying material CD.
700 ## - ADDED ENTRY--PERSONAL NAME
Other authors/Editors CUMMINGS, M.
856 ## - ELECTRONIC LOCATION AND ACCESS
Link text Access online book
Electronic name Information Systems Essentials
Path www.mhhe.com
942 ## - ADDED ENTRY ELEMENTS (KOHA)
Source of classification or shelving scheme Dewey Decimal Classification
Koha item type Books
Holdings
Date last seen Total checkouts Full call number Barcode Cost, replacement price Price effective from Koha item type Lost status Source of classification or shelving scheme Damaged status Not for loan Withdrawn status Home library Current library Shelving location Date acquired Cost, normal purchase price
06/30/2025   658.4038 GUP DOM0002424 114000.00 06/30/2025 Books   Dewey Decimal Classification       CBE Dodoma CBE Dodoma   07/27/2016 38000.00
05/08/2025   658. 403 HAA 0000008460 114000.00 05/08/2025 Books   Dewey Decimal Classification       College of Business Education Main Library College of Business Education Main Library General Collection 07/27/2016 38000.00